| 000 | 00348nam a22001457a 4500 | ||
|---|---|---|---|
| 008 | 230630b ||||| |||| 00| 0 eng d | ||
| 020 | _a9780840054647 | ||
| 041 | _aeng | ||
| 080 |
_2FIFTH EDITION _a51 |
||
| 082 | _a51BAS | ||
| 100 | _a23 | ||
| 101 | _aMATE | ||
| 245 |
_aMATHEMATICS FOR ELEMENTARY SCHOOL TEACHERS _cBASSAREAR |
||
| 942 |
_2udc _cBK |
||
| 999 |
_c60066 _d60066 |
||